| 000 | 00707cam a22002413a 4500 | ||
|---|---|---|---|
| 001 | 44417 | ||
| 003 | PGUSA | ||
| 005 | 20140828084020.0 | ||
| 008 | 131213s2013||||xxu|||||s|||||000 | eng d | ||
| 040 |
_aPGUSA _beng |
||
| 042 | _adc | ||
| 050 | 4 | _aDS | |
| 100 | 1 |
_aWigram, W. A. _q(William Ainger), _d1872-1953 |
|
| 245 | 1 | 4 |
_aThe Cradle of Mankind; Life in Eastern Kurdistan _h[electronic resource] / _cW. A. Wigram |
| 260 |
_bProject Gutenberg, _c2013 |
||
| 506 | _aPublic domain in the USA. | ||
| 516 | _aElectronic text | ||
| 653 | _aKurdistan -- Description and travel | ||
| 653 | _aKurds | ||
| 830 | 0 |
_aProject Gutenberg _v44417 |
|
| 856 | 4 | 0 | _uhttp://www.gutenberg.org/ebooks/44417 |
| 942 | _cEB | ||
| 999 |
_c273668 _d273668 |
||